Diwan-E-Dagh (Record no. 7574)

MARC details
000 -LEADER
fixed length control field 00593nam a2200241 a 4500
020 ## - INTERNATIONAL STANDARD BOOK NUMBER
ISBN
082 00 - DEWEY DECIMAL CLASSIFICATION NUMBER
Classification number 891.4391
Author Cutter ZAI
100 ## - MAIN ENTRY--AUTHOR NAME
Author name Zaidi, Mohd Ali
245 ## - TITLE STATEMENT
Title Diwan-E-Dagh
260 ## - PUBLICATION, DISTRIBUTION, ETC. (IMPRINT)
Place of publication Allahabad
Name of publisher Ram Narain Lal
Year of publication 1976
300 ## - PHYSICAL DESCRIPTION
Number of Pages 160p
500 ## - GENERAL NOTE
General note includes index and biblioraphy
505 2# - FORMATTED CONTENTS NOTE
Formatted contents note Foot notes by Maulana Maulvi Ilahi Bakhsh.
650 ## - SUBJECT ADDED ENTRY--TOPICAL TERM
Topical Term Urdu-Poetry
942 ## - ADDED ENTRY ELEMENTS (KOHA)
Koha item type Books
700 1# -
-- Zaidi, Mohd Ali
Holdings
Collection code Home library Current library Date acquired Cost, normal purchase price Full call number Accession Number Koha item type
  Henry Martyn Institute Library Henry Martyn Institute Library 05/31/2007 2.50 891.4391 ZAI 011811 Books
                   Copyright © 2026 | Henry Martyn Institute | Hyderabad | TS-500052 | INDIA | Implemented by hmi.edu.in
Hit-Count:

Powered by Koha